Statistiques concernant droide de Star Wars

Cliquez ici pour prendre le quiz!

Statistiques générales

  • Ce quiz a été pris 55 fois
  • Le résultat moyen est 7 sur 14

Statistiques - réponses

Réponse% Correct
Droïde de combat B1
72%
Droïde sonde
72%
Droïde Araignée
67%
Droïde de Protocole
67%
Droïdeka
67%
Droïde médecin
61%
Droïde astromécano
57%
Droïde assassin
54%
Droïde crabe
46%
Super-droïde de combat B2
41%
Droïde commando
35%
Droïde HK
15%
Droïde d'interrogatoire
11%
Droïde d'entraînement Jedi
2%

Distribution des résultats

Percentile par nombre de réponses

% des personnes avec chaque résultat

Votre développement - résultats

Vous n’avez pas pris ce quiz